<?xml version="1.0" encoding="UTF-8"?>
<record
    xmlns:xsi="http://www.w3.org/2001/XMLSchema-instance"
    xsi:schemaLocation="http://www.loc.gov/MARC21/slim http://www.loc.gov/standards/marcxml/schema/MARC21slim.xsd"
    xmlns="http://www.loc.gov/MARC21/slim">

  <leader>00821nam a22001337a 4500</leader>
  <datafield tag="040" ind1=" " ind2=" ">
    <subfield code="c">RUA</subfield>
  </datafield>
  <datafield tag="082" ind1=" " ind2=" ">
    <subfield code="a">FOR SAM 2012 B140 Or.1</subfield>
  </datafield>
  <datafield tag="100" ind1=" " ind2=" ">
    <subfield code="a">SAM, DOEUN.</subfield>
  </datafield>
  <datafield tag="245" ind1=" " ind2=" ">
    <subfield code="a">Impact assessment of environment for replacement of land forestto rubber plantation sroyong commune kulen district preah vihea province, &#x1780;&#x17B6;&#x179A;&#x1794;&#x17C9;&#x17B6;&#x1793;&#x17CB;&#x1794;&#x17D2;&#x179A;&#x1798;&#x17B6;&#x178E;&#x1796;&#x17B8;&#x1795;&#x179B;&#x1794;&#x17C9;&#x17C7;&#x1796;&#x17B6;&#x179B;&#x17CB;&#x1794;&#x179A;&#x17B7;&#x179F;&#x17D2;&#x1790;&#x17B6;&#x1793;&#x1785;&#x17C6;&#x1796;&#x17C4;&#x17C7;&#x1780;&#x17B6;&#x179A;&#x1780;&#x17C2;&#x1794;&#x17D2;&#x179A;&#x17C2;&#x178A;&#x17B8;&#x1796;&#x17D2;&#x179A;&#x17C3; &#x1791;&#x17C5;&#x1787;&#x17B6;&#x178A;&#x17B8;&#x1785;&#x17C6;&#x1780;&#x17B6;&#x179A;&#x1780;&#x17C5;&#x179F;&#x17CA;&#x17BC; &#x1793;&#x17C5;&#x1780;&#x17D2;&#x1793;&#x17BB;&#x1784;&#x1783;&#x17BB;&#x17C6;&#x179F;&#x17D2;&#x179A;&#x1799;&#x1784;&#x17CB; &#x179F;&#x17D2;&#x179A;&#x17BB;&#x1780;&#x1782;&#x17BC;&#x179B;&#x17C2;&#x1793; &#x1781;&#x17C1;&#x178F;&#x17D2;&#x178F;&#x1796;&#x17D2;&#x179A;&#x17C7;&#x179C;&#x17B7;&#x17A0;&#x17B6;&#x179A;</subfield>
  </datafield>
  <datafield tag="260" ind1=" " ind2=" ">
    <subfield code="a">Phnom Penh</subfield>
    <subfield code="b">RUA</subfield>
    <subfield code="c">2012</subfield>
  </datafield>
  <datafield tag="300" ind1=" " ind2=" ">
    <subfield code="a">xii; 57p.</subfield>
    <subfield code="b">ill.</subfield>
    <subfield code="c">29cm.</subfield>
  </datafield>
  <datafield tag="856" ind1=" " ind2=" ">
    <subfield code="u">https://drive.google.com/file/d/1N5VtFzGNvi_XrY3FpAUOgf4T_s9q59sn/view?usp=sharing</subfield>
  </datafield>
  <datafield tag="942" ind1=" " ind2=" ">
    <subfield code="c">FOR</subfield>
  </datafield>
  <datafield tag="999" ind1=" " ind2=" ">
    <subfield code="c">3412</subfield>
    <subfield code="d">3412</subfield>
  </datafield>
  <datafield tag="952" ind1=" " ind2=" ">
    <subfield code="0">0</subfield>
    <subfield code="1">0</subfield>
    <subfield code="2">ddc</subfield>
    <subfield code="4">0</subfield>
    <subfield code="6">FOR_SAM_2012_000000000000000_B140_OR_1</subfield>
    <subfield code="7">0</subfield>
    <subfield code="9">16191</subfield>
    <subfield code="a">LBB</subfield>
    <subfield code="b">LBB</subfield>
    <subfield code="c">B140</subfield>
    <subfield code="d">2015-11-14</subfield>
    <subfield code="o">FOR SAM 2012 B140 Or.1</subfield>
    <subfield code="p">RUA028795</subfield>
    <subfield code="r">2015-11-14</subfield>
    <subfield code="w">2015-11-14</subfield>
    <subfield code="y">FOR</subfield>
  </datafield>
  <datafield tag="952" ind1=" " ind2=" ">
    <subfield code="0">0</subfield>
    <subfield code="1">0</subfield>
    <subfield code="2">ddc</subfield>
    <subfield code="4">0</subfield>
    <subfield code="6">FOR_SAM_2012_000000000000000_B140_OR_2</subfield>
    <subfield code="7">0</subfield>
    <subfield code="9">16192</subfield>
    <subfield code="a">LBB</subfield>
    <subfield code="b">LBB</subfield>
    <subfield code="c">B140</subfield>
    <subfield code="d">2015-11-14</subfield>
    <subfield code="o">FOR SAM 2012 B140 Or.2</subfield>
    <subfield code="p">RUA026899</subfield>
    <subfield code="r">2015-11-14</subfield>
    <subfield code="w">2015-11-14</subfield>
    <subfield code="y">FOR</subfield>
  </datafield>
  <datafield tag="952" ind1=" " ind2=" ">
    <subfield code="0">0</subfield>
    <subfield code="1">0</subfield>
    <subfield code="2">ddc</subfield>
    <subfield code="4">0</subfield>
    <subfield code="6">FOR_SAM_2012_000000000000000_B140_OR_3</subfield>
    <subfield code="7">0</subfield>
    <subfield code="9">16193</subfield>
    <subfield code="a">LBB</subfield>
    <subfield code="b">LBB</subfield>
    <subfield code="c">B140</subfield>
    <subfield code="d">2015-11-14</subfield>
    <subfield code="o">FOR SAM 2012 B140 Or.3</subfield>
    <subfield code="p">RUA026827</subfield>
    <subfield code="r">2015-11-14</subfield>
    <subfield code="w">2015-11-14</subfield>
    <subfield code="y">FOR</subfield>
  </datafield>
  <datafield tag="952" ind1=" " ind2=" ">
    <subfield code="0">0</subfield>
    <subfield code="1">0</subfield>
    <subfield code="2">ddc</subfield>
    <subfield code="4">0</subfield>
    <subfield code="6">FOR_SAM_2012_000000000000000_B140_OR_4</subfield>
    <subfield code="7">0</subfield>
    <subfield code="9">16194</subfield>
    <subfield code="a">LBB</subfield>
    <subfield code="b">LBB</subfield>
    <subfield code="c">B140</subfield>
    <subfield code="d">2015-11-14</subfield>
    <subfield code="o">FOR SAM 2012 B140 Or.4</subfield>
    <subfield code="p">RUA026989</subfield>
    <subfield code="r">2015-11-14</subfield>
    <subfield code="w">2015-11-14</subfield>
    <subfield code="y">FOR</subfield>
  </datafield>
  <datafield tag="952" ind1=" " ind2=" ">
    <subfield code="0">0</subfield>
    <subfield code="1">0</subfield>
    <subfield code="2">ddc</subfield>
    <subfield code="4">0</subfield>
    <subfield code="6">FOR_SAM_2012_000000000000000_B140_OR_5</subfield>
    <subfield code="7">0</subfield>
    <subfield code="9">16195</subfield>
    <subfield code="a">LBB</subfield>
    <subfield code="b">LBB</subfield>
    <subfield code="c">B140</subfield>
    <subfield code="d">2015-11-14</subfield>
    <subfield code="o">FOR SAM 2012 B140 Or.5</subfield>
    <subfield code="p">RUA026917</subfield>
    <subfield code="r">2015-11-14</subfield>
    <subfield code="w">2015-11-14</subfield>
    <subfield code="y">FOR</subfield>
  </datafield>
  <datafield tag="952" ind1=" " ind2=" ">
    <subfield code="0">0</subfield>
    <subfield code="1">0</subfield>
    <subfield code="2">ddc</subfield>
    <subfield code="4">0</subfield>
    <subfield code="6">FOR_SAM_2012_000000000000000_B140_OR_6</subfield>
    <subfield code="7">0</subfield>
    <subfield code="9">16196</subfield>
    <subfield code="a">LBB</subfield>
    <subfield code="b">LBB</subfield>
    <subfield code="c">B140</subfield>
    <subfield code="d">2015-11-14</subfield>
    <subfield code="o">FOR SAM 2012 B140 Or.6</subfield>
    <subfield code="p">RUA026767</subfield>
    <subfield code="r">2015-11-14</subfield>
    <subfield code="w">2015-11-14</subfield>
    <subfield code="y">FOR</subfield>
  </datafield>
  <datafield tag="952" ind1=" " ind2=" ">
    <subfield code="0">0</subfield>
    <subfield code="1">0</subfield>
    <subfield code="2">ddc</subfield>
    <subfield code="4">0</subfield>
    <subfield code="6">FOR_SAM_2012_000000000000000_B140_OR_7</subfield>
    <subfield code="7">0</subfield>
    <subfield code="9">16197</subfield>
    <subfield code="a">LBB</subfield>
    <subfield code="b">LBB</subfield>
    <subfield code="c">B140</subfield>
    <subfield code="d">2015-11-14</subfield>
    <subfield code="o">FOR SAM 2012 B140 Or.7</subfield>
    <subfield code="p">RUA028334</subfield>
    <subfield code="r">2015-11-14</subfield>
    <subfield code="w">2015-11-14</subfield>
    <subfield code="y">FOR</subfield>
  </datafield>
  <datafield tag="952" ind1=" " ind2=" ">
    <subfield code="0">0</subfield>
    <subfield code="1">0</subfield>
    <subfield code="2">ddc</subfield>
    <subfield code="4">0</subfield>
    <subfield code="6">FOR_SAM_2012_000000000000000_B140_OR_8</subfield>
    <subfield code="7">0</subfield>
    <subfield code="9">16198</subfield>
    <subfield code="a">LBB</subfield>
    <subfield code="b">LBB</subfield>
    <subfield code="c">B140</subfield>
    <subfield code="d">2015-11-14</subfield>
    <subfield code="o">FOR SAM 2012 B140 Or.8</subfield>
    <subfield code="p">RUA028637</subfield>
    <subfield code="r">2015-11-14</subfield>
    <subfield code="w">2015-11-14</subfield>
    <subfield code="y">FOR</subfield>
  </datafield>
</record>
